000 00344nam a22001337a 4500
020 _a938768751-1
082 _a300
_bMAR/F
100 _aTHERESA MARIA , ELENA SHENOY
245 _aFRANK MODERN CERTIFICATE GEOGRAPHY
_bCLASS IX PART -1
260 _aDELHI
_bMACMILLAN
_c2018
300 _a190
650 _aGEOGRAPHY FOR CLASS IX
_zINDIA
942 _cBK
999 _c935
_d935